000 01119nam a2200241 a 4500
001 000032375
003 OSt
005 20201123134328.0
008 110714s1913 dr r 000 0 spa d
040 _aDO-SdBNP
_bspa
_cBNPHU
082 4 _a359.0097293
_bR426m, 1912-1913
_222
110 1 _aRepública Dominicana
_bSecretaria de Estado de Guerra y Marina
_930897
245 0 0 _aMemoria que al ciudadano presidente de la república presenta el ciudadano secretario de estado de Guerra y Marina.
260 _aSanto Domingo :
_bSecretaria de Estado de Guerra y Marina
_c1913.-1914
300 _a78 p. ;
_c28 cm.
501 _aEncuadernado con: Memoria que al presidente de la República presenta el Secretaria de Estado de Guerra y Marina, 1913, publicado en 1914
590 _aInventariado, 2018/BT
610 1 4 _aRepública Dominicana.
_bSecretaria de Estado de Guerra y Marina
_vInformes
_977368
651 4 _aRepública Dominicana
_xFuerzas Armadas
_vInformes
_y1912
_977369
651 4 _aRepública Dominicana
_xFuerzas Armadas
_vInformes
_y1913
_977370
910 _aValidado. Control de calidad MFF
942 _2ddc
_cLBS1
999 _c31866
_d31866